| 000 | 00623nam a2200229Ia 4500 | ||
|---|---|---|---|
| 003 | OSt | ||
| 005 | 20220918201903.0 | ||
| 006 | a|||||r|||| 00| 0 | ||
| 007 | ta | ||
| 008 | 220917b |||||||| |||| 00| 0 eng d | ||
| 024 | _a97,225 | ||
| 037 | _cTextual | ||
| 040 |
_aARTS _cARTS _beng |
||
| 041 |
_2eng _aeng |
||
| 082 | _aV2:221wN17x, L1 | ||
| 100 |
_aGandhi Indira _945655 |
||
| 245 | 0 |
_aUears of challegge _b selected speeches of Indira Gandhi January 1966 August 1969 |
|
| 260 | _c1971 | ||
| 650 | _aHISTORY | ||
| 942 |
_hV2:221wN17x, L1 _cTEXL _2CC |
||
| 999 |
_c220820 _d220820 |
||